Statistics for Plants vs Zombies 2: Plant Family Quiz

Click here to take the quiz!

General Stats

  • This quiz has been taken 23 times
    (22 since last reset)
  • The average score is 61 of 154

Answer Stats

HintAnswer% Correct
Enlighten-mintSunflower
100%
Appease-mintPeashooter
89%
Enlighten-mintTwin Sunflower
89%
Bombard-mintCherry Bomb
78%
Fila-mintLightning Reed
78%
Bombard-mintPotato Mine
78%
Appease-mintRepeater
78%
Spear-mintBloomerang
67%
Enforce-mintBonk Choy
67%
Contain-mintGrave Buster
67%
Spear-mintLaser Bean
67%
Arma-mintMelon-pult
67%
Appease-mintPrimal Peashooter
67%
Enlighten-mintPrimal Sunflower
67%
Spear-mintSpikerock
67%
Spear-mintSpikeweed
67%
Enlighten-mintSun-shroom
67%
Reinforce-mintTall-nut
67%
Reinforce-mintWall-nut
67%
Winter-mintWinter Melon
67%
Arma-mintCabbage-pult
56%
Fila-mintCitron
56%
Arma-mintCoconut Cannon
56%
Pepper-mintFire Peashooter
56%
Ail-mintFume-shroom
56%
Pepper-mintJalapeno
56%
Arma-mintKernel-pult
56%
Contain-mintMagnet-shroom
56%
Conceal-mintMoonflower
56%
Bombard-mintPrimal Potato Mine
56%
Ail-mintPuff-shroom
56%
Pepper-mintSnapdragon
56%
Winter-mintSnow Pea
56%
Appease-mintSplit Pea
56%
Contain-mintSpring Bean
56%
Enlighten-mintSun Bean
56%
Enforce-mintTangle Kelp
56%
Appease-mintThreepeater
56%
Arma-mintA.K.E.E.
44%
Reinforce-mintAloe
44%
Arma-mintBanana Launcher
44%
Contain-mintBlover
44%
Enchant-mintCaulipower
44%
Reinforce-mintChard Guard
44%
Ail-mintChili Bean
44%
Enforce-mintChomper
44%
Winter-mintCold Snapdragon
44%
Fila-mintE.M.Peach
44%
Reinforce-mintEndurian
44%
Enlighten-mintGold Leaf
44%
Bombard-mintGrapeshot
44%
Spear-mintHoming Thistle
44%
Pepper-mintHot Potato
44%
Enchant-mintHypno-shroom
44%
Winter-mintIceberg Lettuce
44%
Enchant-mintIntensive Carrot
44%
Enforce-mintKiwibeast
44%
Fila-mintMagnifying Grass
44%
Conceal-mintNightshade
44%
Appease-mintPea Pod
44%
Pepper-mintPepper-pult
44%
Enforce-mintPhat Beet
44%
Enchant-mintPower Lily
44%
Reinforce-mintPrimal Wall-nut
44%
Appease-mintRed Stinger
44%
Conceal-mintShadow-shroom
44%
Enchant-mintShrinking Violet
44%
Contain-mintStunion
44%
Enlighten-mintToadstool
44%
Enchant-mintWitch Hazel
44%
Arma-mintBlastberry Vine
33%
Bombard-mintBombegranate
33%
Spear-mintCactus
33%
Enforce-mintCelery Stalker
33%
Spear-mintDartichoke
33%
Conceal-mintDusk Lobber
33%
Fila-mintElectric Blueberry
33%
Fila-mintElectric Currant
33%
Fila-mintElectric Peashooter
33%
Bombard-mintEscape Root
33%
Bombard-mintExplode-O-Nut
33%
Ail-mintGarlic
33%
Conceal-mintGloom Vine
33%
Enlighten-mintGold Bloom
33%
Ail-mintGoo Peashooter
33%
Conceal-mintGrimrose
33%
Enforce-mintGuacodile
33%
Enchant-mintHocus Crocus
33%
Winter-mintIceweed
33%
Reinforce-mintInfi-nut
33%
Pepper-mintJack O'Lantern
33%
Reinforce-mintPea-nut
33%
Appease-mintPea Vine
33%
Ail-mintPerfume-shroom
33%
Fila-mintPower Vine
33%
Reinforce-mintPumpkin
33%
Appease-mintRotobaga
33%
Contain-mintSap-fling
33%
Conceal-mintShadow Peashooter
33%
Enlighten-mintSolar Sage
33%
Ail-mintSpore-shroom
33%
Enforce-mintSquash
33%
Contain-mintStallia
33%
Enchant-mintTile Turnip
33%
Appease-mintTorchwood
33%
Arma-mintTurkey-pult
33%
Fila-mintUltomato
33%
Enchant-mintZoybean Pod
33%
Arma-mintApple Mortar
22%
Reinforce-mintBlockoli
22%
Ail-mintBlooming Heart
22%
Winter-mintBoingsetta
22%
Bombard-mintBoom Balloon Flower
22%
Appease-mintBowling Bulb
22%
Contain-mintButtercup
22%
Appease-mintDandelion
22%
Contain-mintDazey Chain
22%
Contain-mintDraftodil
22%
Fila-mintElectrici-tea
22%
Bombard-mintExplode-O-Vine
22%
Pepper-mintGhost Pepper
22%
Reinforce-mintGumnut
22%
Spear-mintHeath Seeker
22%
Reinforce-mintHolly Barrier
22%
Pepper-mintHot Date
22%
Contain-mintHurrikale
22%
Winter-mintIce Bloom
22%
Enchant-mintImitater
22%
Ail-mintImp Pear
22%
Pepper-mintInferno
22%
Pepper-mintLava Guava
22%
Winter-mintMissile Toe
22%
Conceal-mintMurkadamia Nut
22%
Conceal-mintNoctarine
22%
Contain-mintOlive Pit
22%
Enforce-mintParsnip
22%
Spear-mintPokra
22%
Ail-mintPuffball
22%
Pepper-mintPyre Vine
22%
Enlighten-mintShine Vine
22%
Arma-mintSling Pea
22%
Enforce-mintSnap Pea
22%
Enlighten-mintSolar Tomato
22%
Appease-mintStarfruit
22%
Arma-mintStickybomb Rice
22%
Bombard-mintStrawburst
22%
Reinforce-mintSweet Potato
22%
Appease-mintTumbleweed
22%
Enforce-mintWasabi Whip
22%
Spear-mintBramble Bush
11%
Enforce-mintHeadbutter Lettuce
11%
Enforce-mintRhubarbarian
11%
Bombard-mintTeleportato Mine
11%
Enforce-mintTiger Grass
11%

Score Distribution

Percentile by Number Answered

Percent of People with Each Score

Your Score History

You have not taken this quiz since the last reset